Detalles MARC
| 000 -CABECERA |
| Longitud fija campo de control |
02049cam a2200505 i 4500 |
| 003 - • IDENTIFICADOR DELl NÚMERO DE CONTROL |
| Identificador del número de control |
CO-BoRNBP |
| 005 - • FECHA Y HORA DE LA ÚLTIMA TRANSACCIÓN |
| Fecha y hora de la última transacción |
20251007163651.0 |
| 007 - • CAMPO FIJO DE DESCRIPCIÓN FÍSICA |
| Campo fijo de descripción física |
ta |
| 008 - • CÓDIGOS DE INFORMACIÓN DE LONGITUD FIJA |
| Códigos de información de longitud fija |
880112s1978 sp | || spa |
| 017 ## - NÚMERO DE COPYRIGHT O DE DEPÓSITO LEGAL |
| Número de copyright o de depósito legal |
M 32626-1978 |
| Agencia que asigna el número |
Oficina Depósito Legal Madrid |
| 020 ## - • NÚMERO INTERNACIONAL NORMALIZADO PARA LIBROS |
| Número Internacional Normalizado para Libros (ISBN) |
8420713708 |
| 040 ## - FUENTE DE LA CATALOGACIÓN |
| Centro catalogador de origen |
SpMaBN |
| Lengua de catalogación |
spa |
| Centro transcriptor |
SpMaBN |
| Normas de descripción |
rdc |
| 080 ## - NÚMERO DE LA CLASIFICACIÓN DECIMAL UNIVERSAL |
| Número de la Clasificación Decimal Universal |
53(075.8) |
| 100 1# - • PUNTO DE ACCESO PRINCIPAL-NOMBRE DE PERSONA |
| Nombre de persona |
Aguilar Peris, José |
| 245 10 - • TITULO PROPIAMENTE DICHO |
| Título |
Física |
| Medio |
[Texto impreso] |
| Mención de responsabilidad, etc. |
José Aguilar Peris, José Doria Rico, Juan de la Rubia Pacheco |
| 250 ## - • MENCIÓN DE EDICIÓN |
| Mención de edición |
1a. edición |
| 300 ## - • DESCRIPCIÓN FÍSICA |
| Extensión |
496 p. |
| Otras características físicas |
il. |
| Dimensiones |
24 cm |
| 336 ## - TIPO DE CONTENIDO |
| Fuente |
rdacontent |
| Término de tipo de contenido |
texto |
| Código de tipo de contenido |
txt |
| 337 ## - TIPO DE MEDIO |
| Fuente |
rdamedia |
| Nombre del tipo de medio |
sin mediación |
| Código del tipo de medio |
n |
| 338 ## - TIPO DE SOPORTE |
| Fuente |
rdacarrier |
| Nombre del tipo de soporte |
volumen |
| Código del tipo de soporte |
nc |
| 650 #7 - • PUNTO DE ACCESO ADICIONAL DE MATERIA - TÉRMINO DE MATERIA |
| Término de materia o nombre geográfico como elemento inicial |
Física |
| Fuente del encabezamiento o término |
embne |
| 700 1# - • PUNTO DE ACCESO ADICIONAL - NOMBRE DE PERSONA |
| Nombre de persona |
Doria Rico, José |
| 700 1# - • PUNTO DE ACCESO ADICIONAL - NOMBRE DE PERSONA |
| Nombre de persona |
Rubia Pacheco, Juan de la |
| Fechas asociadas al nombre |
1928- |
| 942 ## - ENTRADA DE ELEMENTOS AGREGADOS (KOHA) |
| Fuente de clasificaión o esquema |
Dewey Decimal Classification |
| Koha [por defecto] tipo de item |
LIbro |
| 956 ## - LOCALIZACIÓN Y ACCESO ELECTRÓNICO LOCAL (OCLC) |
| Nombre de la fuente |
1 2 |
| 980 ## - EQUIVALENCIA O SECCIÓN-REFERENCIA-INFORME SERIES--NOMBRE / TÍTULO DE PERSONA [LOCAL, CANADA] |
| Nombre personal |
S 280-1986 |
| -- |
84-207-1370-8 |
| -- |
SpMaBN |
| Numeración |
BNMADRID |
| Atributo cualificador |
3/133097 |
| T&íacute;tulos u otras palabras asociadas a nombre |
SG_RECOLET |
| 980 ## - EQUIVALENCIA O SECCIÓN-REFERENCIA-INFORME SERIES--NOMBRE / TÍTULO DE PERSONA [LOCAL, CANADA] |
| Nombre personal |
S 280-1986 |
| -- |
84-207-1370-8 |
| -- |
SpMaBN |
| Numeración |
BNMADRID |
| Atributo cualificador |
3/160464 |
| T&íacute;tulos u otras palabras asociadas a nombre |
SG_RECOLET |
| 980 ## - EQUIVALENCIA O SECCIÓN-REFERENCIA-INFORME SERIES--NOMBRE / TÍTULO DE PERSONA [LOCAL, CANADA] |
| Nombre personal |
SpMaBN |
| Numeración |
BNMADRID |
| Atributo cualificador |
4/218489 |
| T&íacute;tulos u otras palabras asociadas a nombre |
SG_RECOLET |
| 980 ## - EQUIVALENCIA O SECCIÓN-REFERENCIA-INFORME SERIES--NOMBRE / TÍTULO DE PERSONA [LOCAL, CANADA] |
| Nombre personal |
SpMaBN |
| Numeración |
BNMADRID |
| Atributo cualificador |
9/68554 |
| T&íacute;tulos u otras palabras asociadas a nombre |
SG_RECOLET |
| 980 ## - EQUIVALENCIA O SECCIÓN-REFERENCIA-INFORME SERIES--NOMBRE / TÍTULO DE PERSONA [LOCAL, CANADA] |
| Nombre personal |
M 32626-1978 |
| -- |
SpMaBN |
| Numeración |
BNALCALA |
| Atributo cualificador |
DL/102254 |
| T&íacute;tulos u otras palabras asociadas a nombre |
CONSERVACI |
| 980 ## - EQUIVALENCIA O SECCIÓN-REFERENCIA-INFORME SERIES--NOMBRE / TÍTULO DE PERSONA [LOCAL, CANADA] |
| Nombre personal |
M 15577-1980 |
| -- |
SpMaBN |
| Numeración |
BNALCALA |
| Atributo cualificador |
DL/136083 |
| T&íacute;tulos u otras palabras asociadas a nombre |
CONSERVACI |
| 980 ## - EQUIVALENCIA O SECCIÓN-REFERENCIA-INFORME SERIES--NOMBRE / TÍTULO DE PERSONA [LOCAL, CANADA] |
| Nombre personal |
M 845-1981 |
| -- |
SpMaBN |
| Numeración |
BNALCALA |
| Atributo cualificador |
DL/156951 |
| T&íacute;tulos u otras palabras asociadas a nombre |
CONSERVACI |
| 980 ## - EQUIVALENCIA O SECCIÓN-REFERENCIA-INFORME SERIES--NOMBRE / TÍTULO DE PERSONA [LOCAL, CANADA] |
| Nombre personal |
SpMaBN |
| Numeración |
BNALCALA |
| Atributo cualificador |
DL/181426 |
| T&íacute;tulos u otras palabras asociadas a nombre |
CONSERVACI |
| 980 ## - EQUIVALENCIA O SECCIÓN-REFERENCIA-INFORME SERIES--NOMBRE / TÍTULO DE PERSONA [LOCAL, CANADA] |
| Nombre personal |
SpMaBN |
| Numeración |
BNALCALA |
| Atributo cualificador |
DL/238500 |
| T&íacute;tulos u otras palabras asociadas a nombre |
CONSERVACI |
| 980 ## - EQUIVALENCIA O SECCIÓN-REFERENCIA-INFORME SERIES--NOMBRE / TÍTULO DE PERSONA [LOCAL, CANADA] |
| Nombre personal |
SpMaBN |
| Numeración |
BNALCALA |
| Atributo cualificador |
DL/249528 |
| T&íacute;tulos u otras palabras asociadas a nombre |
CONSERVACI |
| 980 ## - EQUIVALENCIA O SECCIÓN-REFERENCIA-INFORME SERIES--NOMBRE / TÍTULO DE PERSONA [LOCAL, CANADA] |
| Nombre personal |
S 280-1986 |
| -- |
84-207-1370-8 |
| -- |
SpMaBN |
| Numeración |
BNALCALA |
| Atributo cualificador |
DL/330289 |
| T&íacute;tulos u otras palabras asociadas a nombre |
CONSERVACI |
| 980 ## - EQUIVALENCIA O SECCIÓN-REFERENCIA-INFORME SERIES--NOMBRE / TÍTULO DE PERSONA [LOCAL, CANADA] |
| Nombre personal |
S 280-1986 |
| -- |
84-207-1370-8 |
| -- |
SpMaBN |
| Numeración |
BNALCALA |
| Atributo cualificador |
DL/370933 |
| T&íacute;tulos u otras palabras asociadas a nombre |
CONSERVACI |
| 980 ## - EQUIVALENCIA O SECCIÓN-REFERENCIA-INFORME SERIES--NOMBRE / TÍTULO DE PERSONA [LOCAL, CANADA] |
| Nombre personal |
SpMaBN |
| Numeración |
BNALCALA |
| Atributo cualificador |
DL/500536 |
| T&íacute;tulos u otras palabras asociadas a nombre |
CONSERVACI |
| 980 ## - EQUIVALENCIA O SECCIÓN-REFERENCIA-INFORME SERIES--NOMBRE / TÍTULO DE PERSONA [LOCAL, CANADA] |
| Nombre personal |
M 32626-1978 |
| -- |
SpMaBN |
| Numeración |
BNALCALA |
| Atributo cualificador |
J1/12683 |
| T&íacute;tulos u otras palabras asociadas a nombre |
SG_PETANTI |
| 980 ## - EQUIVALENCIA O SECCIÓN-REFERENCIA-INFORME SERIES--NOMBRE / TÍTULO DE PERSONA [LOCAL, CANADA] |
| Nombre personal |
M 15577-1980 |
| -- |
SpMaBN |
| Numeración |
BNALCALA |
| Atributo cualificador |
J1/15302 |
| T&íacute;tulos u otras palabras asociadas a nombre |
SG_PETANTI |
| 980 ## - EQUIVALENCIA O SECCIÓN-REFERENCIA-INFORME SERIES--NOMBRE / TÍTULO DE PERSONA [LOCAL, CANADA] |
| Nombre personal |
M 845-1981 |
| -- |
SpMaBN |
| Numeración |
BNALCALA |
| Atributo cualificador |
J1/17457 |
| T&íacute;tulos u otras palabras asociadas a nombre |
SG_PETANTI |
| 980 ## - EQUIVALENCIA O SECCIÓN-REFERENCIA-INFORME SERIES--NOMBRE / TÍTULO DE PERSONA [LOCAL, CANADA] |
| Nombre personal |
SpMaBN |
| Numeración |
BNALCALA |
| Atributo cualificador |
J1/18786 |
| T&íacute;tulos u otras palabras asociadas a nombre |
SG_PETANTI |
| 980 ## - EQUIVALENCIA O SECCIÓN-REFERENCIA-INFORME SERIES--NOMBRE / TÍTULO DE PERSONA [LOCAL, CANADA] |
| Nombre personal |
SpMaBN |
| Numeración |
BNALCALA |
| Atributo cualificador |
J1/24780 |
| T&íacute;tulos u otras palabras asociadas a nombre |
SG_PETANTI |